Corporate Man To Corporate Skunk

Bibliographic Details
Main Author: Crainer Stuart
Format: Book
Language:English
Published: UK : Capstone Publishing Limited , 1997
Subjects:

MARC

LEADER 00000cam a2200000 7i4500
001 0000102434
005 20130423.0
008 130423 eng
020 |a 1900960916 
090 0 0 |a 920.068CRA 
100 1 |a Crainer Stuart 
245 1 0 |a Corporate Man To Corporate Skunk   |c Crainer Stuart 
260 |a UK :   |b Capstone Publishing Limited ,   |c 1997 
300 |a xv-xiii,304p ;   |c 23cm. 
650 0 0 |a Biography 
999 |a 86723   |b Buku   |c Rujukan   |e Perbadanan Perpustakaan Awam Melaka